أصول الفلسفة الماركسية / (Record no. 16220)
[ view plain ]
| 000 -الفاتح | |
|---|---|
| حقل البيانات ثابتة الطول | 00985cam a22002535a 4500 |
| 003 - محدد رقم الضبط | |
| رقم الضبط | OSt |
| 005 - وقت وتاريخ اخر تعامل مع التسجيلة | |
| رقم الضبط | 20170927114851.0 |
| 008 - عناصر البيانات ثابتة الطول - معلومات عامة | |
| حقل البيانات ثابتة الطول | 111116n19uu le grb 0000 0 ara d |
| 040 ## - مصدر الفهرسة | |
| وكالة الفهرسة الأصلية | EG-Sc BUE |
| لغة الفهرسة | ara |
| وكالة النسخ | EG-Sc BUE |
| 041 1# - رمز اللغة | |
| رمز لغة النص/ المسارات الصوتية أو العنوان الانفرادي | ara |
| رمز لغة الترجمات و/او الاصلية المتوسطة للنص | und |
| 082 04 - رقم تصنيف ديوى العشرى | |
| رقم التصنيف | 335.401 |
| رقم المادة | ب و ل |
| رقم الطبعة | 22 |
| 100 1# - المدخل الرئيسى - إسم شخصى | |
| الإسم الشخصى | بوليتزر، جورج |
| 9 (RLIN) | 27770 |
| 245 10 - بيان العنوان | |
| العنوان | أصول الفلسفة الماركسية / |
| بيان المسئوليه,etc | تأليف جورج بوليتزر، جي بيس، موريس كافين ؛ تعريب شعبان بركات. |
| 260 ## - PUBLICATION, DISTRIBUTION, ETC. (IMPRINT) | |
| مكان الناشر او الموزع | صيدا، بيروت : |
| اسم الناشر او الموزع | منشورات المكتبة العصرية، |
| تاريخ النشر أو التوزيع | [19--] |
| 300 ## - الوصف المادى | |
| التعداد | 372 ص. : |
| أبعاد الوعاء | 20 سم. |
| 504 ## - تبصرة ببليوجرافية | |
| تبصرة ببليوجرافية,الخ | يشتمل على إرجاعات ببليوجرافية. |
| 650 #7 - المدخل الاضافى بالموضوع-مصطلح موضوعى | |
| مصطلح موضوعي أو اسم جغرافي كعنصر مدخل | الماركسية |
| التقسيم الفرعي العام | .فلسفة |
| مصدر الرأس أو المصطلح | BUEsh |
| 9 (RLIN) | 27771 |
| 651 ## - المدخل الاضافى بالموضوع - اسم جغرافى | |
| مصدر الرأس أو المصطلح | BUEsh |
| 653 ## - مصطلح تكشيفى غير مقيد | |
| Resource For college | Generalities |
| Arrived date list | November2011 |
| -- | May2014 |
| 700 1# - المدخل الاضافى - اسم شخصى | |
| الإسم الشخصى | بيس، جي. |
| 9 (RLIN) | 27772 |
| 700 1# - المدخل الاضافى - اسم شخصى | |
| الإسم الشخصى | كافين، موريس. |
| 9 (RLIN) | 27773 |
| 700 1# - المدخل الاضافى - اسم شخصى | |
| الإسم الشخصى | بركات، شعبان، |
| الدور | معرب. |
| 9 (RLIN) | 27774 |
| 942 ## - عناصر المدخل الإضافي( كوها) | |
| مصدر التصنيف او مخطط الترفيف | Dewey Decimal Classification |
| Koha [default] item type | Book - Borrowing |
| حالة التراجع | حالة الفقد | مصدر التصنيف او خطة الترفيف | تحديد مواد ( مجلدات مجمعه أو جزء أخر) | حالة تلف | ليس للاعارة | مجموعات كوها | المكان الدائم | المكان الحالي | موقع الترفيف | تاريخ الاكتساب | Source of acquisition | رقم الاستدعاء | الباركود | Date last seen | مُعار | نوع الوعاء |
|---|---|---|---|---|---|---|---|---|---|---|---|---|---|---|---|---|
| Lost | Dewey Decimal Classification | Lost In Inventory_2005-2015/8/22 | Alef-Baa | Central Library | Central Library | First floor | 16/11/2011 | Purchase | 335.401 ب و ل | 000025647 | 26/11/2012 | 13/11/2012 | Book - Borrowing | |||
| Dewey Decimal Classification | Donation-Gift | Central Library | Central Library | First floor | 04/05/2014 | Donation | 335.401 ب و ل | 000035938 | 15/07/2025 | 17/03/2016 | Book - Borrowing |